Bài tập và đồ án môn học kết cấu bê tông cốt thép

Nhằm giúp các bạn sinh viên các ngành của Trường Đại học Thủy lợi có thêm tài liệu tham khảo trong quá trình học tập và làm Đồ án môn học Kết cấu bê tông cốt thép, giáo trình Bài tập và Đồ án môn học Kết cấu bê tông cốt thép được bọ...

Description complète

Enregistré dans:
Détails bibliographiques
Auteur principal: Trần, Mạnh Tuân
Format: Livre
Langue:Undetermined
Publié: Hà Nội Xây dựng 2012
Sujets:
Tags: Ajouter un tag
Pas de tags, Soyez le premier à ajouter un tag!
Thư viện lưu trữ: Trung tâm Học liệu Trường Đại học Cần Thơ
LEADER 01165nam a2200205Ia 4500
001 CTU_169164
008 210402s9999 xx 000 0 und d
020 |c 36000 
082 |a 624.1834 
082 |b T502 
100 |a Trần, Mạnh Tuân 
245 0 |a Bài tập và đồ án môn học kết cấu bê tông cốt thép 
245 0 |c Trần Mạnh Tuân chủ biên 
260 |a Hà Nội 
260 |b Xây dựng 
260 |c 2012 
520 |a Nhằm giúp các bạn sinh viên các ngành của Trường Đại học Thủy lợi có thêm tài liệu tham khảo trong quá trình học tập và làm Đồ án môn học Kết cấu bê tông cốt thép, giáo trình Bài tập và Đồ án môn học Kết cấu bê tông cốt thép được bộ môn Kết cấu Công trình biên soạn đi kèm với giáo trình Kết cấu bê tông cốt thép. 
650 |a Concrete contruction,Reinforced concrete,Bê tông cốt thép 
904 |i Trọng Hiếu 
980 |a Trung tâm Học liệu Trường Đại học Cần Thơ